[Event "2nd Yerevan Open"]
[Site "?"]
[Date "2017.09.23"]
[Round "5.50"]
[White "	Gharagyozyan, Artur"]
[Black "	Chaqryan, Erik"]
[Result "1-0"]
[WhiteElo "2170"]
[BlackElo "1821"]
[PlyCount "57"]
[EventDate "2017.??.??"]

1. e4 c6 2. Nf3 d5 3. Nc3 Nf6 4. e5 Ne4 5. Nb1 Qb6 6. Qe2 e6 7. d3 Nc5 8. g3
Be7 9. Bg2 Ncd7 10. O-O c5 11. h4 Nc6 12. c3 Qc7 13. Bf4 b6 14. Re1 Bb7 15.
Nbd2 h6 16. g4 O-O-O 17. Bg3 Rde8 18. a3 Qd8 19. c4 f6 20. d4 fxe5 21. dxe5 Nf8
22. b4 cxb4 23. axb4 Bxb4 24. cxd5 exd5 25. Rec1 Kb8 26. Qb5 Bc5 27. e6+ Ka8
28. Ne5 Rxe6 29. Nxc6 1-0

[Event "2nd Yerevan Open"]
[Site "?"]
[Date "2017.09.23"]
[Round "5.51"]
[White "Manukyan, Levon"]
[Black "Yayloyan, Konstantin"]
[Result "0-1"]
[WhiteElo "1871"]
[BlackElo "2142"]
[PlyCount "128"]
[EventDate "2017.??.??"]

1. e4 c5 2. Nf3 d6 3. d4 cxd4 4. Nxd4 Nf6 5. Nc3 Nbd7 6. Be3 a6 7. f3 e6 8. Qd2
b5 9. a3 Bb7 10. Be2 Rc8 11. O-O Be7 12. Rad1 O-O 13. Nb3 Qc7 14. Bf4 Ne5 15.
Bg3 Rfd8 16. Qe1 Nh5 17. Bf2 Nf4 18. Nd2 Nxe2+ 19. Qxe2 Nc4 20. Nxc4 Qxc4 21.
Qxc4 Rxc4 22. Bb6 Rd7 23. Ba5 d5 24. exd5 exd5 25. Rfe1 h6 26. Re2 Kh7 27. Kh1
Bf6 28. Red2 Bg5 29. Rd3 Bf6 30. R3d2 h5 31. g3 g5 32. Kg1 d4 33. Ne4 Be7 34.
c3 f5 35. Nf2 Bxf3 36. Rxd4 Rcxd4 37. Rxd4 Rxd4 38. cxd4 Bf6 39. Bc3 Be2 40.
Nh3 Bg4 41. Nf2 Be2 42. Nh3 Kg6 43. Kf2 Bg4 44. Ng1 Kf7 45. Ke1 f4 46. h3 Be6
47. gxf4 gxf4 48. Kf2 Bd5 49. Nf3 Kg6 50. Kg2 Kf5 51. Kf2 Ke4 52. Nd2+ Kd3 53.
Nf3 Bd8 54. Ne1+ Ke4 55. Nf3 a5 56. Bd2 a4 57. Bc3 Bf6 58. Ne5 Be6 59. Kg2 Ke3
60. Be1 Kxd4 61. Nf3+ Kd3 62. Bb4 Bxb2 63. Ne1+ Ke2 64. h4 f3+ 0-1

[Event "2nd Yerevan Open"]
[Site "?"]
[Date "2017.09.23"]
[Round "5.52"]
[White "Israyelyan, Eduard"]
[Black "Simonyan, Latush"]
[Result "0-1"]
[WhiteElo "1854"]
[BlackElo "2107"]
[PlyCount "68"]
[EventDate "2017.??.??"]

1. Nf3 Nf6 2. c4 g6 3. b4 Bg7 4. Bb2 O-O 5. e3 d6 6. d4 Nbd7 7. Be2 e5 8. Nc3
Re8 9. Qb3 c6 10. a4 Nf8 11. O-O e4 12. Nd2 d5 13. Rae1 h5 14. f3 exf3 15. Bxf3
Bh6 16. Nd1 N8h7 17. cxd5 cxd5 18. Kh1 Ng5 19. Bc1 h4 20. Nc3 Be6 21. Ne2 h3
22. Ng3 Qd7 23. Rf2 Rec8 24. b5 Nfe4 25. Bxe4 dxe4 26. Qb1 hxg2+ 27. Rxg2 Bh3
28. Rf2 Bg4 29. Ref1 Rc3 30. Qa2 Be6 31. Qb1 Rxe3 32. Nc4 Rxg3 33. hxg3 Bxc4
34. Bxg5 Bxg5 0-1

[Event "2nd Yerevan Open"]
[Site "?"]
[Date "2017.09.23"]
[Round "5.53"]
[White "Tavoosi, Rad Ramtin"]
[Black "Tavakalyan, Azat"]
[Result "1-0"]
[WhiteElo "2070"]
[BlackElo "1867"]
[PlyCount "145"]
[EventDate "2017.??.??"]

1. e4 e5 2. Nf3 Nf6 3. Nxe5 d6 4. Nf3 Nxe4 5. Nc3 Nxc3 6. dxc3 Be7 7. Bd3 Bg4
8. Be3 Nc6 9. h3 Bh5 10. Be4 Qd7 11. Qd2 O-O-O 12. Qd5 Bg6 13. Bxg6 fxg6 14.
Nd4 Rde8 15. Nxc6 Qxc6 16. Qxc6 bxc6 17. O-O c5 18. c4 Bf6 19. Rab1 Re4 20. b3
Rhe8 21. Rbd1 g5 22. Rd5 h6 23. a4 Kb7 24. Rfd1 Kc6 25. Kf1 Bc3 26. R5d3 Bf6
27. g3 a6 28. Kg2 Bd4 29. Bxd4 Rxd4 30. Rxd4 cxd4 31. Rxd4 Re2 32. c3 Rb2 33.
b4 Ra2 34. a5 Rc2 35. Rd3 Kb7 36. Kf3 Kc6 37. Ke3 Kb7 38. g4 c5 39. b5 Kc7 40.
Ke4 Ra2 41. bxa6 Rxa5 42. Kd5 Kd7 43. Rf3 Ke7 44. Re3+ Kd7 45. Re6 Rxa6 46. Rg6
Ra3 47. Rxg7+ Kc8 48. Kxd6 Rxc3 49. Kxc5 Rxh3 50. Rf7 Rh4 51. f3 h5 52. gxh5
Rxh5 53. Rf5 Rh3 54. Kd5 Rg3 55. c5 g4 56. f4 Rf3 57. Kd6 Rd3+ 58. Kc6 g3 59.
Rg5 Kd8 60. f5 Rf3 61. Kd6 Rd3+ 62. Ke6 Re3+ 63. Kf7 Re5 64. Kf6 Rxc5 65. Rxg3
Ke8 66. Rg8+ Kd7 67. Kg6 Rc2 68. f6 Rf2 69. Kf7 Rf1 70. Rg2 Rd1 71. Kg7 Rf1 72.
f7 Ke7 73. Re2+ 1-0

[Event "2nd Yerevan Open"]
[Site "?"]
[Date "2017.09.23"]
[Round "5.54"]
[White "Shahzamani, Arman"]
[Black "Petrosyants, Argishti"]
[Result "1-0"]
[WhiteElo "2064"]
[BlackElo "1667"]
[PlyCount "71"]
[EventDate "2017.??.??"]

1. d4 d5 2. Nc3 Nf6 3. Bg5 e6 4. e4 dxe4 5. Nxe4 Nbd7 6. Nf3 Be7 7. Nxf6+ Nxf6
8. Bd3 O-O 9. Qe2 b6 10. Bxf6 g6 11. Bxe7 Qxe7 12. O-O-O Bb7 13. Be4 Bxe4 14.
Qxe4 a5 15. d5 a4 16. a3 Ra5 17. dxe6 fxe6 18. Rhe1 Re8 19. Re3 Qf6 20. Rd7 Rb5
21. Qd4 Rf5 22. Qxf6 Rxf6 23. Rxc7 g5 24. h3 h5 25. Re5 Rf5 26. Rc4 b5 27. Rce4
Ref8 28. Rxe6 Kh7 29. R6e5 Kg6 30. Rxf5 Rxf5 31. Re6+ Kf7 32. Re5 Rf4 33. Rxg5
h4 34. Rxb5 Kg7 35. Rb4 Rf5 36. Rxa4 1-0

[Event "2nd Yerevan Open"]
[Site "?"]
[Date "2017.09.23"]
[Round "5.55"]
[White "Piliposyan, Robert"]
[Black "Gesyan, Suren"]
[Result "1-0"]
[WhiteElo "1773"]
[BlackElo "2063"]
[PlyCount "85"]
[EventDate "2017.??.??"]

1. d4 Nf6 2. c4 g6 3. Nc3 d5 4. cxd5 Nxd5 5. Nf3 Bg7 6. e3 O-O 7. Be2 Nb6 8.
O-O Nc6 9. Re1 Be6 10. b3 h6 11. Bb2 f5 12. Bb5 Nb4 13. Nd2 Bf7 14. a3 N4d5 15.
Nxd5 Nxd5 16. Nf3 Nb6 17. Rc1 Rc8 18. Ba1 Qd6 19. b4 c6 20. Bd3 Rcd8 21. Bf1
Nd7 22. Qc2 Kh7 23. e4 fxe4 24. Qxe4 Bd5 25. Qxe7 Qf4 26. Qh4 Qf5 27. Qg3 Bxf3
28. Qxf3 Qxf3 29. gxf3 Rxf3 30. Re7 Kh8 31. a4 Bf6 32. Rf7 Rf4 33. Bh3 Nb6 34.
b5 Re8 35. a5 Nd5 36. a6 bxa6 37. bxc6 Bg5 38. Rd7 Nb6 39. d5+ Kg8 40. Be6+
Rxe6 41. dxe6 Rg4+ 42. Kf1 Re4 43. c7 1-0

[Event "2nd Yerevan Open"]
[Site "?"]
[Date "2017.09.23"]
[Round "5.56"]
[White "Kocharyan, Hayk"]
[Black "Ziroyan, David"]
[Result "0-1"]
[WhiteElo "1737"]
[BlackElo "2055"]
[PlyCount "136"]
[EventDate "2017.??.??"]

1. c4 c5 2. Nc3 Nf6 3. g3 g6 4. Bg2 Bg7 5. Nf3 O-O 6. O-O Nc6 7. d4 cxd4 8.
Nxd4 d6 9. e3 Bd7 10. b3 Qc8 11. Re1 Bh3 12. Bh1 Rb8 13. Bb2 Re8 14. Rc1 Bg4
15. Qc2 Nd7 16. Nxc6 bxc6 17. f4 Nc5 18. Qd2 a5 19. Ba3 Rd8 20. Ne4 Nxe4 21.
Bxe4 Qa6 22. c5 d5 23. Bd3 Qc8 24. Bb2 Bxb2 25. Qxb2 Bf5 26. Qc2 Bxd3 27. Qxd3
Rb4 28. a3 Re4 29. Qc3 Qc7 30. Rcd1 e5 31. fxe5 Re8 32. Rd3 R4xe5 33. b4 axb4
34. axb4 Qe7 35. Qb3 h5 36. Qa4 Re6 37. Qc2 Qg5 38. Qf2 Rf6 39. Qg2 Qg4 40. b5
Qb4 41. Qd2 Qxb5 42. Qc3 Rfe6 43. Rd4 Rb8 44. e4 Rbe8 45. Rb4 Qa5 46. Ra1 Qd8
47. exd5 Qxd5 48. Rd4 Qg5 49. Rf4 Qe7 50. Raf1 Rf8 51. Rf6 Rxf6 52. Rxf6 Qe4
53. Rf4 Qd5 54. Rd4 Qa2 55. Rd2 Qb1+ 56. Kg2 Re8 57. Rf2 Qe4+ 58. Qf3 Qxf3+ 59.
Kxf3 Re5 60. Rc2 Kg7 61. Kf4 Kf6 62. h4 Ke6 63. Rc1 f6 64. g4 hxg4 65. Kxg4
Re4+ 66. Kg3 Kd5 67. Rf1 f5 68. Rf4 Kxc5 0-1

[Event "2nd Yerevan Open"]
[Site "?"]
[Date "2017.09.23"]
[Round "5.57"]
[White "Hoghmrtsyan, Artur"]
[Black "Seyranyan, Gor"]
[Result "1-0"]
[WhiteElo "2012"]
[BlackElo "1747"]
[PlyCount "99"]
[EventDate "2017.??.??"]

1. d4 Nf6 2. c4 e6 3. Nf3 b6 4. e3 Bb7 5. Bd3 d5 6. b3 Bd6 7. O-O O-O 8. Bb2 c5
9. Nc3 Nc6 10. Rc1 cxd4 11. exd4 Bf4 12. Ra1 dxc4 13. bxc4 Nb4 14. Be2 Ne4 15.
Qb3 Nxc3 16. Qxc3 Na6 17. Rad1 Qf6 18. Qa3 Qd8 19. d5 exd5 20. cxd5 Nc5 21. Qb4
Bd6 22. Qg4 f6 23. Nd4 Bc8 24. Ne6 Qe7 25. Bc4 b5 26. Bxb5 Nxe6 27. dxe6 Bxe6
28. Qh4 Rab8 29. a4 a6 30. Bd3 g5 31. Qxh7+ Qxh7 32. Bxh7+ Kxh7 33. Rxd6 Bc4
34. Bxf6 Bxf1 35. Kxf1 a5 36. g4 Rb4 37. h3 Rxa4 38. Bxg5 Ra1+ 39. Kg2 a4 40.
Be3 Rb8 41. g5 a3 42. Bd4 Rab1 43. Rh6+ Kg8 44. g6 Kf8 45. Bf6 Ke8 46. Rh8+ Kd7
47. g7 a2 48. Rf8 R1b6 49. g8=Q Rxf6 50. Qg7+ 1-0

[Event "2nd Yerevan Open"]
[Site "?"]
[Date "2017.09.23"]
[Round "5.58"]
[White "Qaloyan, Ishkhan"]
[Black "Nazemi, Pedram"]
[Result "0-1"]
[WhiteElo "1317"]
[BlackElo "1978"]
[PlyCount "40"]
[EventDate "2017.??.??"]

1. c4 e5 2. Nc3 Nf6 3. Nf3 Nc6 4. d4 exd4 5. Nxd4 Bc5 6. e3 O-O 7. Be2 Re8 8.
O-O Qe7 9. Bf3 Ne5 10. b3 d6 11. h3 c6 12. Bb2 h6 13. Re1 Nh7 14. Kh2 Qh4 15.
Kg1 Ng5 16. Bg4 Bxg4 17. hxg4 Bxd4 18. f3 Nexf3+ 19. gxf3 Qg3+ 20. Kf1 Nxf3 0-1

[Event "2nd Yerevan Open"]
[Site "?"]
[Date "2017.09.23"]
[Round "5.59"]
[White "Avetisyan, Mariam"]
[Black "Mkrtumyan, Robert"]
[Result "1-0"]
[WhiteElo "1976"]
[BlackElo "1642"]
[PlyCount "46"]
[EventDate "2017.??.??"]

1. d4 Nf6 2. c4 e5 3. dxe5 Ng4 4. Bf4 g5 5. Bg3 Nc6 6. Nf3 Bg7 7. Nc3 Ngxe5 8.
Nxe5 Nxe5 9. e3 d6 10. Be2 O-O 11. Qd2 Be6 12. b3 f5 13. f4 gxf4 14. exf4 Nc6
15. O-O Qf6 16. Rac1 Qd4+ 17. Qxd4 Nxd4 18. Bd3 c6 19. Bf2 Rae8 20. Rfd1 Bd7
21. Rd2 c5 22. Ne2 Nxe2+ 23. Bxe2 Re6 1-0

[Event "2nd Yerevan Open"]
[Site "?"]
[Date "2017.09.23"]
[Round "5.60"]
[White "Grigoryan, Arpine"]
[Black "Adamyan, Mane"]
[Result "1/2-1/2"]
[WhiteElo "1865"]
[BlackElo "1636"]
[PlyCount "43"]
[EventDate "2017.??.??"]

1. e4 e6 2. d4 d5 3. Nd2 Be7 4. Bd3 c5 5. c3 Nc6 6. Ne2 cxd4 7. cxd4 dxe4 8.
Nxe4 Nf6 9. O-O O-O 10. Be3 Nb4 11. Bb1 Nbd5 12. N2c3 b6 13. Qf3 Bb7 14. Nxf6+
Bxf6 15. Qh3 g6 16. Ne4 Bg7 17. Ng5 Nf6 18. Rd1 Rc8 19. a4 Bd5 20. Bd3 Qe7 21.
Bd2 Qb7 22. Be3 1/2-1/2

[Event "2nd Yerevan Open"]
[Site "?"]
[Date "2017.09.23"]
[Round "5.61"]
[White "Machkalyan, Haik"]
[Black "Antonyan, Samvel"]
[Result "1-0"]
[WhiteElo "1890"]
[BlackElo "1648"]
[PlyCount "115"]
[EventDate "2017.??.??"]

1. Nf3 d5 2. g3 Nf6 3. Bg2 e6 4. O-O Be7 5. d4 O-O 6. Nbd2 c5 7. c3 Nc6 8. Qc2
cxd4 9. Nxd4 Nxd4 10. cxd4 Qb6 11. Nf3 Bd7 12. Bg5 Rac8 13. Qb3 Qxb3 14. axb3
a6 15. Rfc1 Bb5 16. Bf1 h6 17. Bf4 Ne4 18. Bc7 Bd8 19. Bxd8 Rfxd8 20. e3 Bxf1
21. Kxf1 Kf8 22. Ke2 Ke7 23. Ne5 Nd6 24. Nd3 Rxc1 25. Rxc1 Rc8 26. Rxc8 Nxc8
27. Nc5 Nd6 28. Kd3 Kd8 29. f3 Kc7 30. e4 dxe4+ 31. fxe4 Kc6 32. Ke3 Kb5 33.
Nd3 Ne8 34. d5 exd5 35. exd5 Kb6 36. Kd4 Kc7 37. Ne5 Nd6 38. Nc4 Nxc4 39. bxc4
b6 40. Ke5 Kd7 41. g4 a5 42. h4 Kc7 43. b3 Kd7 44. d6 Kd8 45. Kd5 h5 46. gxh5
Kd7 47. Ke5 Kc6 48. h6 gxh6 49. h5 Kd7 50. Kf6 Kxd6 51. Kxf7 Kc5 52. Kg6 Kb4
53. Kxh6 Kxb3 54. Kg5 Kxc4 55. h6 b5 56. h7 a4 57. h8=Q a3 58. Qg8+ 1-0

[Event "2nd Yerevan Open"]
[Site "?"]
[Date "2017.09.23"]
[Round "5.62"]
[White "Mashalov., Aliniyaz"]
[Black "Petrosyan, Sahak"]
[Result "1-0"]
[WhiteElo "1636"]
[BlackElo "1824"]
[PlyCount "67"]
[EventDate "2017.??.??"]

1. d4 d5 2. c4 e6 3. Nc3 Nf6 4. cxd5 exd5 5. Bg5 Be7 6. e3 c6 7. Bd3 O-O 8. Qc2
Nbd7 9. Nf3 Re8 10. O-O Nf8 11. Rab1 Ng6 12. b4 Ne4 13. Bxe4 Bxg5 14. Bf5 Bf6
15. b5 c5 16. Bxc8 Rxc8 17. Qb3 cxd4 18. Nxd4 Bxd4 19. exd4 Nf4 20. Rfe1 Rxe1+
21. Rxe1 Qg5 22. g3 Nh3+ 23. Kg2 Nf4+ 24. Kg1 h6 25. h4 Qg4 26. Nxd5 Ne2+ 27.
Kg2 Nxd4 28. Qd3 Rd8 29. Re4 Qf3+ 30. Qxf3 Nxf3 31. Ne7+ Kf8 32. Kxf3 g6 33. a4
Rd7 34. Nc8 1-0

[Event "2nd Yerevan Open"]
[Site "?"]
[Date "2017.09.23"]
[Round "5.63"]
[White "Mkrtchyan, Mariam"]
[Black "Mitoyan, Zhores"]
[Result "1-0"]
[WhiteElo "1794"]
[BlackElo "1440"]
[PlyCount "71"]
[EventDate "2017.??.??"]

1. d4 Nf6 2. g3 e6 3. Bg2 Be7 4. Nf3 O-O 5. O-O d5 6. c4 b6 7. Nc3 Bb7 8. Ne5
Nbd7 9. cxd5 exd5 10. Qa4 Nxe5 11. dxe5 Nd7 12. Nxd5 Nc5 13. Qd1 c6 14. Nxe7+
Qxe7 15. Qd6 Rfe8 16. Qxe7 Rxe7 17. f4 Ne6 18. Be3 g6 19. Rad1 c5 20. Bxb7 Rxb7
21. g4 Re8 22. Rd6 Rc7 23. Rfd1 Ng7 24. Kf2 Kf8 25. Bd2 Re6 26. Bc3 Rc6 27. Kf3
Ne8 28. Rd8 Rc7 29. e4 Rec6 30. f5 Rc8 31. Rxc8 Rxc8 32. Bd2 Rc7 33. Bh6+ Kg8
34. Rd8 Re7 35. Kf4 gxf5 36. gxf5 1-0

[Event "2nd Yerevan Open"]
[Site "?"]
[Date "2017.09.23"]
[Round "5.65"]
[White "Hakobyan, Hakob Mk"]
[Black "Alikhanyan, Artak"]
[Result "1/2-1/2"]
[WhiteElo "1763"]
[BlackElo "1421"]
[PlyCount "158"]
[EventDate "2017.??.??"]

1. e4 c6 2. d4 d5 3. Nc3 dxe4 4. Nxe4 Bf5 5. Ng3 Bg6 6. N1e2 Nf6 7. Nf4 e5 8.
Nxg6 hxg6 9. dxe5 Qa5+ 10. Bd2 Qxe5+ 11. Qe2 Qxe2+ 12. Bxe2 Nbd7 13. O-O Bc5
14. c4 O-O 15. Bc3 Rfe8 16. Rad1 Rad8 17. Rd2 Nb6 18. b3 Rxd2 19. Bxd2 Nbd7 20.
Bc3 Ne5 21. h3 Ned7 22. Rd1 Nf8 23. Bf3 Bb6 24. b4 N8h7 25. h4 Rd8 26. Rxd8+
Bxd8 27. Bd4 a6 28. b5 axb5 29. cxb5 Nd5 30. Bxd5 cxd5 31. Nf1 Bxh4 32. Ne3 Bf6
33. Bc5 d4 34. Nd5 d3 35. Kf1 Ng5 36. f3 Ne6 37. Bb6 Bd4 38. Ke1 Bxb6 39. Nxb6
Kf8 40. Nd5 Nc5 41. Kd2 Ke8 42. Nf4 Kd7 43. Nxd3 Kd6 44. Nb2 Ne6 45. Nd3 Nc5
46. Nb2 Nd7 47. Kc3 b6 48. Kc4 Ne5+ 49. Kd4 f5 50. a4 g5 51. Nd3 Nd7 52. Nb2 g4
53. Nc4+ Kc7 54. f4 Nc5 55. Ke5 Nxa4 56. Kxf5 Nc3 57. Na3 Kd6 58. Kxg4 Kc5 59.
Kf5 Nd5 60. g3 Kb4 61. Nb1 Kxb5 62. Kg6 Ne7+ 63. Kh7 Kc4 64. g4 g6 65. Kg7 Kd4
66. Kf7 Ke4 67. f5 Nxf5 68. gxf5 gxf5 69. Ke6 f4 70. Kd6 Ke3 71. Nc3 f3 72.
Nd1+ Ke2 73. Nc3+ Kd3 74. Nd1 Kc4 75. Ke5 Kd3 76. Kd6 b5 77. Kc5 Kd2 78. Nf2
Ke2 79. Ng4 Kf1 1/2-1/2

[Event "2nd Yerevan Open"]
[Site "?"]
[Date "2017.09.23"]
[Round "5.69"]
[White "Asghari, Mitra"]
[Black "Hovyan, Nikolay"]
[Result "1/2-1/2"]
[WhiteElo "1673"]
[BlackElo "1414"]
[PlyCount "58"]
[EventDate "2017.??.??"]

1. Nf3 Nf6 2. g3 g6 3. Bg2 Bg7 4. O-O O-O 5. c4 d5 6. cxd5 Nxd5 7. Nc3 Nxc3 8.
bxc3 c5 9. Ba3 Qa5 10. Qb3 Nc6 11. Bb2 Rb8 12. c4 Nd4 13. Nxd4 cxd4 14. d3 Be6
15. a4 Qc7 16. Bc1 a6 17. Bf4 Be5 18. Bxe5 Qxe5 19. Qc2 Rfc8 20. Qd2 b5 21.
cxb5 axb5 22. a5 Bd5 23. Qf4 Qxf4 24. gxf4 Bxg2 25. Kxg2 Rc2 26. Kf3 f5 27. a6
Ra8 28. Rfb1 Rc6 29. Rxb5 Raxa6 1/2-1/2

[Event "2nd Yerevan Open"]
[Site "?"]
[Date "2017.09.23"]
[Round "5.70"]
[White "Grigoryan, Aram"]
[Black "Nourimoghaddam, Shahrokh	"]
[Result "0-1"]
[WhiteElo "1673"]
[BlackElo "1794"]
[PlyCount "112"]
[EventDate "2017.??.??"]

1. d4 d5 2. c4 e6 3. Nc3 a6 4. Nf3 Nf6 5. Bg5 Be7 6. e3 Nbd7 7. cxd5 exd5 8.
Bd3 c6 9. Qc2 O-O 10. g4 Re8 11. Bxf6 Nxf6 12. g5 Ne4 13. Nxe4 dxe4 14. Bxe4
Bb4+ 15. Ke2 Bg4 16. Rag1 Bxf3+ 17. Kxf3 g6 18. h4 Bf8 19. h5 Re6 20. Rh4 Qe7
21. hxg6 hxg6 22. d5 Re5 23. dxc6 bxc6 24. Qxc6 Re8 25. Rf4 Rd8 26. Qc4 Qe6 27.
Qf1 Bg7 28. Rh4 Qxa2 29. Qh3 Qe6 30. Qh2 Rc5 31. Rh1 Qe5 32. Rf4 Rd6 33. Qh7+
Kf8 34. Bxg6 Rxg6 35. Qxg6 Qxf4+ 36. Kxf4 fxg6 37. Ra1 a5 38. Ra2 Rb5 39. b3
Bc3 40. Ra3 Bb4 41. Ra2 Be7 42. Ke4 Bxg5 43. f4 Bd8 44. Ra3 Bb6 45. Kd3 Rb4 46.
Kc3 Re4 47. Kd2 Rb4 48. Kc3 Kf7 49. Ra2 Re4 50. Rd2 Rxe3+ 51. Kb2 Bc5 52. f5 g5
53. Rd5 Bb4 54. Kc2 Kf6 55. Rb5 g4 56. Rb6+ Kxf5 0-1

[Event "2nd Yerevan Open"]
[Site "?"]
[Date "2017.09.23"]
[Round "5.71"]
[White "Barseghyan, Narek"]
[Black "Khachatryan, Veronika"]
[Result "0-1"]
[WhiteElo "1733"]
[BlackElo "1595"]
[PlyCount "152"]
[EventDate "2017.??.??"]

1. c4 Nf6 2. Nc3 g6 3. Nf3 Bg7 4. g3 O-O 5. Bg2 d6 6. d4 c6 7. e4 Qb6 8. O-O
Bg4 9. Qd3 Bxf3 10. Bxf3 Nfd7 11. Be3 Qxb2 12. Rab1 Qa3 13. Rxb7 Nb6 14. c5
dxc5 15. dxc5 Na4 16. Rb3 Nxc5 17. Rxa3 Nxd3 18. Nd5 cxd5 19. Rxd3 Nc6 20. exd5
Ne5 21. Be2 Nxd3 22. Bxd3 Rfd8 23. Bb5 a6 24. Bc6 Rab8 25. Bf4 Rb2 26. a4 Rc8
27. Be3 Be5 28. Kg2 Bd6 29. h4 h5 30. Kf3 Rb4 31. Rd1 Rcb8 32. Rc1 Kg7 33. Bd7
R8b7 34. Bc6 Rc7 35. Rd1 Kf6 36. a5 Kg7 37. Bb6 Rc8 38. Bb7 Rc3+ 39. Kg2 Bc5
40. Bxc5 Rxc5 41. Bxa6 Rxa5 42. d6 exd6 43. Rxd6 Ra2 44. Kg1 Rb1+ 45. Kg2 Rbb2
46. Kf3 Rxf2+ 47. Ke3 Rf6 48. Rxf6 Kxf6 49. Bc4 Ra3+ 50. Kf2 Rc3 51. Bd5 Rc5
52. Bb3 Rf5+ 53. Kg2 Ke5 54. Bd1 Rf6 55. Bb3 Ke4 56. Bd1 Ke3 57. Bb3 Rf5 58.
Bc4 Rf6 59. Bd5 Kd4 60. Bb3 Rf5 61. Ba2 Kc3 62. Bb1 Rb5 63. Be4 Kd4 64. Bc6 Rf5
65. Bd7 Re5 66. Kf3 f6 67. Be8 Rf5+ 68. Kg2 g5 69. hxg5 Rxg5 70. Bd7 Ke3 71.
Kh3 Kf3 72. Kh4 Rxg3 73. Kxh5 Kf4 74. Be6 f5 75. Bc4 Ke3 76. Kh4 Rg4+ 0-1

[Event "2nd Yerevan Open"]
[Site "?"]
[Date "2017.09.23"]
[Round "5.72"]
[White "Hakobyan, Astghik"]
[Black "Margaryan, Yuri"]
[Result "1-0"]
[WhiteElo "1708"]
[BlackElo "1501"]
[PlyCount "129"]
[EventDate "2017.??.??"]

1. e4 e6 2. d3 d5 3. Nd2 c5 4. Ngf3 Nf6 5. g3 Be7 6. Bg2 Nc6 7. O-O O-O 8. e5
Nd7 9. Re1 Qc7 10. Qe2 b6 11. Nf1 Ba6 12. c3 Rac8 13. h4 h6 14. N1h2 Kh8 15.
Bf4 d4 16. c4 b5 17. b3 bxc4 18. bxc4 Rb8 19. Qd2 Kh7 20. Ng4 h5 21. Ngh2 Rb6
22. Qe2 Rfb8 23. Ng5+ Bxg5 24. Qxh5+ Bh6 25. Bxh6 g6 26. Be4 Qxe5 27. Bg5+ Kg8
28. Qf3 Qd6 29. h5 Nce5 30. Qd1 f6 31. Bf4 g5 32. Bxe5 Nxe5 33. f4 Nf7 34. Bg2
Bb7 35. Bxb7 R8xb7 36. Qf3 f5 37. Re2 g4 38. Qg2 Qc6 39. Qf1 Rb2 40. Rae1 Nd8
41. Qf2 Rb1 42. Nf1 a5 43. Nd2 R1b2 44. Nb3 Rxe2 45. Rxe2 a4 46. Nd2 Rb2 47.
Nf1 Rb1 48. Rb2 Rxb2 49. Qxb2 Qb7 50. Qb5 Qc6 51. Qb8 Qd7 52. Nd2 Kh7 53. Qb5
Qc6 54. Qb8 Nf7 55. Qf8 Nh6 56. Qe7+ Kg8 57. Qg5+ Kf7 58. Qg6+ Ke7 59. Qxh6 Qb6
60. Qg7+ Kd6 61. h6 Qb2 62. Nf1 a3 63. h7 e5 64. fxe5+ Ke6 65. h8=Q 1-0

[Event "2nd Yerevan Open"]
[Site "?"]
[Date "2017.09.23"]
[Round "5.73"]
[White "Khachatryan, Hayk"]
[Black "Nanyan, Georgy"]
[Result "1/2-1/2"]
[WhiteElo "1957"]
[BlackElo "1610"]
[PlyCount "83"]
[EventDate "2017.??.??"]

1. e4 c5 2. c3 Nf6 3. e5 Nd5 4. d4 cxd4 5. cxd4 e6 6. Nf3 d6 7. Nc3 Bd7 8. Bd3
Bc6 9. O-O Be7 10. Qe2 Nd7 11. Ne4 dxe5 12. dxe5 Nc5 13. Nxc5 Bxc5 14. Ng5 h6
15. Qh5 O-O 16. Ne4 Be7 17. Bxh6 gxh6 18. Qxh6 f5 19. exf6 Rxf6 20. Nxf6+ Nxf6
21. Qg6+ Kf8 22. Rad1 Qc7 23. Qh6+ Kg8 24. Bc4 Kf7 25. Rfe1 Bd5 26. Bxd5 exd5
27. Rd3 Rg8 28. Rde3 Bc5 29. Rf3 Qb6 30. Qh5+ Rg6 31. Qxd5+ Kg7 32. Qe5 Bd6 33.
Qe6 Bxh2+ 34. Kf1 Qb5+ 35. Qe2 Qxe2+ 36. Rxe2 Bd6 37. Re6 Ng4 38. Rxg6+ Kxg6
39. Rd3 Bc5 40. Rg3 Kf5 41. Rf3+ Ke4 42. Rf7 {...} 1/2-1/2

[Event "2nd Yerevan Open"]
[Site "?"]
[Date "2017.09.23"]
[Round "5.74"]
[White "Avagyan, Gor V"]
[Black "Ohanyan, Emin"]
[Result "0-1"]
[WhiteElo "1477"]
[BlackElo "1672"]
[PlyCount "170"]
[EventDate "2017.??.??"]

1. d4 Nf6 2. c4 e5 3. dxe5 Ng4 4. Nf3 Nc6 5. Nc3 Ngxe5 6. Nxe5 Nxe5 7. e3 Bb4
8. Qc2 O-O 9. a3 Bxc3+ 10. Qxc3 d6 11. b4 Bf5 12. Bb2 Qf6 13. f4 Nd3+ 14. Bxd3
Qxc3+ 15. Bxc3 Bxd3 16. Rc1 Bxc4 17. Bxg7 Kxg7 18. Rxc4 c6 19. Kf2 a6 20. e4
Rad8 21. g4 d5 22. exd5 Rxd5 23. Re1 Rfd8 24. Rce4 c5 25. bxc5 Rxc5 26. Rb4 Rd7
27. Rbe4 Rc3 28. R4e3 Rd2+ 29. Kf3 Rxe3+ 30. Rxe3 Rxh2 31. Ke4 Rd2 32. Rb3 Rd7
33. Rb6 Rc7 34. Kd4 Re7 35. Rb4 b5 36. a4 bxa4 37. Rxa4 Re6 38. Ra5 h6 39. Kd3
Kf8 40. Kd4 Kg7 41. Kd3 Rf6 42. Ke4 Kf8 43. Kf3 Ke7 44. g5 hxg5 45. Rxg5 Rd6
46. Ra5 Kd7 47. Ra1 Kc7 48. Rc1+ Kb6 49. Rb1+ Ka7 50. Ra1 Rd5 51. Ke4 Rb5 52.
f5 a5 53. Rd1 Ka6 54. Ra1 f6 55. Ra2 Re5+ 56. Kf4 Rd5 57. Re2 Rd4+ 58. Kf3 Rd6
59. Re6 Rb6 60. Ke4 a4 61. Kd3 a3 62. Kc2 Ka5 63. Re1 Rb4 64. Re8 Rb2+ 65. Kc3
Rf2 66. Ra8+ Kb5 67. Kb3 a2 68. Ra7 Kc5 69. Ra5+ Kd4 70. Ra4+ Ke5 71. Ra5+ Kf4
72. Ra4+ Kxf5 73. Ra5+ Kg6 74. Ra6 Kg5 75. Ra5+ f5 76. Ra8 f4 77. Kc3 Kg4 78.
Kd3 Kf3 79. Ra3 Kg2 80. Ra8 f3 81. Rg8+ Kf1 82. Rh8 Rg2 83. Ra8 Kg1 84. Ke3 f2
85. Rxa2 f1=Q 0-1